[Event "Fujairah Global Superstar"]
[Site "Fujairah City UAE"]
[Date "2025.08.27"]
[Round "4.19"]
[White "Grebnev, Aleksey"]
[Black "Socko, Bartosz"]
[Result "1-0"]
[WhiteTitle "GM"]
[BlackTitle "GM"]
[WhiteElo "2595"]
[BlackElo "2574"]
[WhiteFideId "34189030"]
[BlackFideId "1107038"]
[EventDate "2025.08.25"]

1. d4 Nf6 2. c4 e6 3. Bf4 d5 4. cxd5 exd5 5. Nc3 Bd6 6. Bxd6 Qxd6 7. e3 a6 8.
Bd3 Be6 9. Nf3 Nbd7 10. h3 O-O 11. O-O Rfe8 12. Rc1 g6 13. a3 c6 14. Na4 Ne4 15.
b4 b5 16. Nc5 Nexc5 17. dxc5 Qc7 18. Nd4 Nf8 19. Re1 Bd7 20. Qd2 Ne6 21. Nf3 Ng7
22. e4 dxe4 23. Bxe4 Bf5 24. Bxf5 Nxf5 25. Rxe8+ Rxe8 26. Rd1 Qe7 27. Qf4 h5 28.
Re1 Qd8 29. Rxe8+ Qxe8 30. g4 hxg4 31. hxg4 Ng7 32. Kg2 Qd7 33. Qb8+ Ne8 34. Kg3
f6 35. Qf4 Kg7 36. Nd4 Qd5 37. f3 Qc4 38. Qe3 Qf1 39. Ne6+ Kg8 40. Nf4 Nc7 41.
Nxg6 Kf7 42. Nf4 Qa1 43. Kg2 Qb2+ 44. Kh3 Qa1 45. Kg3 Qd1 46. Kg2 Qc2+ 47. Qe2
Qxe2+ 48. Nxe2 Ke6 49. f4 Kd5 50. Kf3 a5 51. Nc3+ Kc4 52. bxa5 Kxc5 53. Ne4+ Kd5
54. Nxf6+ Ke6 55. Ne4 Na6 56. g5 c5 57. g6 b4 58. f5+ Ke7 59. f6+ Ke6 60. g7 Kd5 1-0

[Event "Fujairah Global Superstar"]
[Site "Fujairah City UAE"]
[Date "2025.08.27"]
[Round "4.20"]
[White "Gorshtein, Ido"]
[Black "Ivanchuk, Vasyl"]
[Result "0-1"]
[WhiteTitle "GM"]
[BlackTitle "GM"]
[WhiteElo "2571"]
[BlackElo "2623"]
[WhiteFideId "2815532"]
[BlackFideId "14100010"]
[EventDate "2025.08.25"]

1. c4 e5 2. g3 Nc6 3. Bg2 g6 4. Nc3 Bg7 5. Rb1 a5 6. a3 Nf6 7. b4 axb4 8. axb4
O-O 9. d3 Ne7 10. Qb3 d6 11. Nf3 h6 12. O-O Be6 13. b5 Qd7 14. Ba3 Bh3 15. c5
Be6 16. Qb2 b6 17. cxd6 cxd6 18. Rfc1 Rfc8 19. e4 Ne8 20. Rc2 d5 21. Bxe7 dxe4
22. Bb4 exd3 23. Rcc1 e4 24. Nd2 f5 25. Ra1 Nd6 26. Rxa8 Rxa8 27. Qb1 Nxb5 28.
Nxb5 Qxb5 29. Bd6 Qxb1 30. Rxb1 Bd4 31. h4 Ra2 32. Bf4 h5 33. Kf1 Bc3 34. Ke1 b5
35. Kd1 b4 36. Be3 Bd7 0-1

[Event "Fujairah Global Superstar"]
[Site "Fujairah City UAE"]
[Date "2025.08.27"]
[Round "4.21"]
[White "Kuzubov, Yuriy"]
[Black "Piorun, Kacper"]
[Result "1/2-1/2"]
[WhiteTitle "GM"]
[BlackTitle "GM"]
[WhiteElo "2600"]
[BlackElo "2568"]
[WhiteFideId "14112906"]
[BlackFideId "1130420"]
[EventDate "2025.08.25"]

1. d4 d5 2. c4 e6 3. Nc3 h6 4. Nf3 Nf6 5. g3 Nc6 6. Bg2 Bd6 7. O-O O-O 8. a3
dxc4 9. Qa4 e5 10. d5 Ne7 11. Nd2 a6 12. Qxc4 b5 13. Qb3 Bf5 14. Nde4 Nxe4 15.
Nxe4 Qd7 16. Bd2 Bxe4 17. Bxe4 f5 18. Bg2 e4 19. Rac1 Ng6 20. Bc3 Rae8 21. e3 h5
22. Qd1 h4 23. Qh5 Ne5 24. Qxh4 Rf6 25. Qh5 Nf3+ 26. Bxf3 Rh6 27. Qxh6 gxh6 28.
Bh5 Rf8 29. Kg2 Qe7 30. Bd4 Qg5 31. Be2 f4 32. exf4 Bxf4 33. Rcd1 Qg6 34. b3 Rd8
35. Bc3 e3 36. Bd3 Qg4 37. fxe3 Bxe3 38. Rde1 Bd4 39. Re4 Qxe4+ 40. Bxe4 Bxc3
41. Rc1 Ba5 42. Bf5 Kg7 43. Be6 Bb6 44. Rc6 Rd6 45. Rc2 Rd8 46. h4 Rf8 47. d6
cxd6 48. Rc6 Rf2+ 49. Kh3 Bd4 50. Rxa6 Be5 51. Ra7+ Kg6 52. Bd7 h5 53. Be8+ Kh6
54. Rf7 Rxf7 55. Bxf7 Bb2 56. a4 bxa4 57. bxa4 Bc3 58. Kg2 Ba5 59. Kf3 Be1 60.
Kg2 Ba5 61. Kf2 Bb4 62. Bd5 Ba5 63. Bf3 Bb4 64. Kg2 Be1 65. Kh3 Ba5 66. Bd1 Bb4
67. Kg2 Ba5 68. Kf2 Bb4 69. Bb3 Ba5 70. Bf7 Bb4 71. Be8 Ba5 72. Kf3 Bb4 73. Bf7
Ba5 74. Bd5 1/2-1/2

[Event "Fujairah Global Superstar"]
[Site "Fujairah City UAE"]
[Date "2025.08.28"]
[Round "5.1"]
[White "Jacobson, Brandon"]
[Black "Tabatabaei, M. Amin"]
[Result "1/2-1/2"]
[WhiteTitle "GM"]
[BlackTitle "GM"]
[WhiteElo "2594"]
[BlackElo "2673"]
[WhiteFideId "30901561"]
[BlackFideId "12521213"]
[EventDate "2025.08.25"]

1. c4 e6 2. Nc3 d5 3. d4 Nf6 4. cxd5 Nxd5 5. e4 Nxc3 6. bxc3 c5 7. Rb1 Be7 8.
Nf3 O-O 9. h4 cxd4 10. cxd4 b6 11. h5 h6 12. Bd3 e5 13. d5 Nd7 14. g4 Nc5 15.
Rg1 f6 16. Nh4 Rf7 17. Be3 Bd6 18. f3 Nxd3+ 19. Qxd3 Rc7 20. Kf2 f5 21. Nxf5
Bxf5 22. gxf5 Qh4+ 23. Kg2 Qxh5 24. Rbc1 Rac8 25. Rc6 Qh4 26. Rgc1 Qd8 27. Rxc7
Rxc7 28. Rc6 Kh7 29. Qc4 Qe7 30. a4 Rd7 31. Rc8 Rc7 32. Rxc7 Bxc7 33. Qc6 Bd6
34. Qc8 Bc5 35. Qe6 Qxe6 36. fxe6 Kg8 37. Bd2 g5 38. Bc3 Bd6 39. Kh3 Kg7 40. e7
Kf7 41. Kg4 a6 42. Kf5 Kxe7 43. Bxe5 Bxe5 44. Kxe5 b5 45. axb5 axb5 46. d6+ Kd7
47. Kf6 b4 48. e5 b3 49. e6+ Kxd6 50. e7 b2 51. e8=Q b1=Q 52. Qf8+ Kd5 53. Qxh6
Qb2+ 54. Kxg5 Qg2+ 55. Kf5 Qxf3+ 56. Qf4 Qxf4+ 57. Kxf4 1/2-1/2

[Event "Fujairah Global Superstar"]
[Site "Fujairah City UAE"]
[Date "2025.08.28"]
[Round "5.2"]
[White "Pranav, V"]
[Black "Martinez Alcantara, Jose Eduardo"]
[Result "1-0"]
[WhiteTitle "GM"]
[BlackTitle "GM"]
[WhiteElo "2597"]
[BlackElo "2636"]
[WhiteFideId "25060783"]
[BlackFideId "3805662"]
[EventDate "2025.08.25"]

1. e4 c5 2. Nf3 Nc6 3. Bb5 g6 4. Bxc6 bxc6 5. d4 Bg7 6. dxc5 Qa5+ 7. Nbd2 Qxc5
8. O-O Nf6 9. c4 O-O 10. Rb1 a5 11. b3 e5 12. Bb2 Nh5 13. g3 Qe7 14. Rc1 c5 15.
Nb1 d6 16. Nc3 Bb7 17. Re1 a4 18. bxa4 Bc6 19. Rb1 f5 20. Nd5 Qd8 21. exf5 Rxa4
22. fxg6 Rxc4 23. Nd2 Nf6 24. Nxc4 Bxd5 25. gxh7+ Kh8 26. Ne3 Be4 27. Rc1 Nxh7
28. f4 Qb8 29. Nc4 Ba8 30. Qb3 Qc7 31. Qb6 Qd7 32. Nxd6 exf4 33. Rxc5 fxg3 34.
hxg3 Qg4 35. Nf5 Rxf5 36. Re8+ Nf8 37. Rxf5 Qxg3+ 38. Kf1 Qh3+ 39. Ke1 Bc3+ 40.
Ke2 Qg4+ 41. Kd3 Qxf5+ 42. Kxc3 Kg8 43. Ba3 Qf3+ 44. Qe3 Qc6+ 45. Bc5 Qf6+ 46.
Qd4 Qf3+ 47. Re3 1-0

[Event "Fujairah Global Superstar"]
[Site "Fujairah City UAE"]
[Date "2025.08.28"]
[Round "5.3"]
[White "Sjugirov, Sanan"]
[Black "Dudin, Gleb"]
[Result "1-0"]
[WhiteTitle "GM"]
[BlackTitle "GM"]
[WhiteElo "2636"]
[BlackElo "2583"]
[WhiteFideId "4189302"]
[BlackFideId "34184934"]
[EventDate "2025.08.25"]

1. e4 e5 2. Nc3 Nf6 3. Bc4 Nxe4 4. Qh5 Nd6 5. Bb3 Be7 6. Qxe5 O-O 7. Nf3 c6 8.
d4 Ne8 9. d5 d6 10. Qf4 Nd7 11. O-O c5 12. a4 Nc7 13. Ne4 b5 14. axb5 Nb6 15. c4
a6 16. bxa6 Bxa6 17. Ng3 Ncxd5 18. cxd5 Bxf1 19. Rxa8 Qxa8 20. Nxf1 Qa1 21. h4
Qb1 22. Qd2 Qe4 23. Ng3 Qg4 24. Bc2 g6 25. b3 Bf6 26. Ne4 Bg7 27. Nxd6 Rd8 28.
Ne4 Nxd5 29. Qg5 Qxg5 30. Bxg5 Ra8 31. Bd3 h6 32. Bd2 Bf8 33. Ne5 Ra1+ 34. Kh2
Nb6 35. Bc3 Rc1 36. Bb2 Rd1 37. Bc2 Re1 38. Nf6+ Kg7 39. Ne8+ Kg8 40. Nf6+ Kg7
41. Neg4 Bd6+ 42. g3 Kf8 43. Kg2 Be7 44. Ne3 h5 45. Ne4 f5 46. Nd2 Re2 47. Nef1
Re6 48. Bd3 Rd6 49. Bb5 f4 50. Be5 Rd5 51. Bxf4 1-0

[Event "Fujairah Global Superstar"]
[Site "Fujairah City UAE"]
[Date "2025.08.28"]
[Round "5.4"]
[White "Suleymanli, Aydin"]
[Black "Zhu, Jiner"]
[Result "1/2-1/2"]
[WhiteTitle "GM"]
[BlackTitle "GM"]
[WhiteElo "2609"]
[BlackElo "2536"]
[WhiteFideId "13413937"]
[BlackFideId "8608059"]
[EventDate "2025.08.25"]

1. d4 Nf6 2. c4 e6 3. Nf3 d5 4. g3 Bb4+ 5. Nbd2 O-O 6. Bg2 b6 7. O-O Bb7 8. Ne5
a5 9. a3 Bd6 10. cxd5 exd5 11. Ndc4 Be7 12. Ne3 Re8 13. Nf5 Bf8 14. b3 Nbd7 15.
Bb2 c5 16. Ne3 Ne4 17. Bxe4 dxe4 18. Nxd7 Qxd7 19. dxc5 Qh3 20. Kh1 Bxc5 21. b4
Bf8 22. Qe1 Re6 23. Rg1 axb4 24. axb4 Rxa1 25. Bxa1 Rh6 26. Rg2 Qd7 27. g4 Qb5
28. Nf5 Rg6 29. Bc3 Bc8 30. Ne3 Ba6 31. f4 exf3 32. exf3 Bb7 33. Rf2 h5 34. h3
Qg5 35. Ng2 hxg4 36. hxg4 Qh6+ 37. Kg1 Qh3 38. Qe3 Rh6 39. Rf1 Qh2+ 40. Kf2 Re6
41. Qf4 Qh3 42. Rd1 Ba6 43. Re1 Bd6 44. Be5 Be7 45. Bc3 Rxe1 46. Bxe1 Qh1 47.
Qb8+ Kh7 48. Qe5 Bf6 49. Qe4+ g6 50. Qf4 Kg7 51. g5 Ba1 52. Qe3 Qf1+ 53. Kg3 Qc4
54. Bf2 Bc3 55. Qf4 Qxb4 56. Qxb4 Bxb4 57. Bxb6 Bd6+ 58. Kf2 Be7 59. Bd4+ f6 60.
gxf6+ Bxf6 61. Bxf6+ Kxf6 62. Nf4 Bb7 63. Nxg6 Bxf3 64. Kxf3 1/2-1/2

[Event "Fujairah Global Superstar"]
[Site "Fujairah City UAE"]
[Date "2025.08.28"]
[Round "5.5"]
[White "Sadhwani, Raunak"]
[Black "Hong, Andrew"]
[Result "1/2-1/2"]
[WhiteTitle "GM"]
[BlackTitle "GM"]
[WhiteElo "2676"]
[BlackElo "2580"]
[WhiteFideId "35093487"]
[BlackFideId "2099438"]
[EventDate "2025.08.25"]

1. c4 Nf6 2. Nf3 e6 3. b3 d5 4. Bb2 Be7 5. g3 O-O 6. Bg2 c5 7. cxd5 Nxd5 8. O-O
Nc6 9. d4 cxd4 10. Nxd4 Bd7 11. Nd2 Bf6 12. Nc4 Ndb4 13. Nb5 Bxb2 14. Nxb2 Ne5
15. Qd6 Bxb5 16. Qxe5 Bc6 17. Rfd1 Qe7 18. Nd3 Bxg2 19. Kxg2 Rfd8 20. Nxb4 Qxb4
21. Rac1 h6 22. Rc4 Qb6 23. Rxd8+ Rxd8 24. Qc7 Rd2 25. Qxb6 axb6 26. Rc8+ Kh7
27. Rc7 Rxe2 28. Rxf7 Rxa2 29. Rxb7 e5 30. Kf3 Rc2 31. Rxb6 Rc3+ 32. Ke4 Rc2 33.
Ke3 Rc3+ 34. Kd2 Rf3 35. Ke2 e4 36. b4 Rb3 37. b5 g5 38. Rb8 g4 39. b6 Kg7 40.
Kd2 Rd3+ 41. Kc2 Rd6 42. Kc3 Rf6 43. b7 Rb6 44. Kc4 Rb1 45. Kd5 h5 46. Kc6 Rc1+
47. Kd6 Rd1+ 48. Ke6 Rb1 49. Kf5 Rb5+ 50. Kf4 Kh7 51. Rf8 Rxb7 52. Kg5 Kg7 53.
Rf5 Rb1 54. Kxh5 Rh1 55. Kg5 Rxh2 56. Rf4 Kh7 57. Kf5 Kh6 58. Kxe4 Kg5 59. Rf8
Rg2 60. Rg8+ Kh5 61. Ke3 Rg1 62. Kf4 Rg2 63. Ke3 Rg1 64. Ke4 1/2-1/2

[Event "Fujairah Global Superstar"]
[Site "Fujairah City UAE"]
[Date "2025.08.28"]
[Round "5.6"]
[White "Shankland, Sam"]
[Black "Cheparinov, Ivan"]
[Result "1/2-1/2"]
[WhiteTitle "GM"]
[BlackTitle "GM"]
[WhiteElo "2670"]
[BlackElo "2625"]
[WhiteFideId "2004887"]
[BlackFideId "2905540"]
[EventDate "2025.08.25"]

1. d4 d5 2. c4 e6 3. Nc3 Nf6 4. cxd5 exd5 5. Bg5 Be7 6. e3 h6 7. Bh4 c6 8. Bd3
O-O 9. Nge2 Ne8 10. Bg3 Nd6 11. O-O Re8 12. Qd2 Bf8 13. Rae1 a5 14. b3 Ne4 15.
Nxe4 dxe4 16. Bb1 Bb4 17. Nc3 Bf5 18. f3 Nd7 19. a3 Bxc3 20. Qxc3 Qe7 21. a4 Nb6
22. Be5 f6 23. fxe4 Bh7 24. Bg3 Bxe4 25. Bxe4 Qxe4 26. Rf4 Nd5 27. Qc4 Qe6 28.
Rf3 Nb4 29. Re2 Rad8 30. Bc7 Qxc4 31. bxc4 Rxd4 32. exd4 Rxe2 33. Rb3 Ra2 34.
Bxa5 Nc2 35. d5 Rxa4 36. Bc3 cxd5 37. cxd5 Nd4 38. Bxd4 1/2-1/2

[Event "Fujairah Global Superstar"]
[Site "Fujairah City UAE"]
[Date "2025.08.28"]
[Round "5.7"]
[White "Aditya, Mittal"]
[Black "Theodorou, Nikolas"]
[Result "1/2-1/2"]
[WhiteTitle "GM"]
[BlackTitle "GM"]
[WhiteElo "2560"]
[BlackElo "2646"]
[WhiteFideId "35042025"]
[BlackFideId "4262875"]
[EventDate "2025.08.25"]

1. c4 Nf6 2. Nc3 e5 3. Nf3 e4 4. Ng5 c6 5. Qa4 a6 6. Ngxe4 Nxe4 7. Nxe4 b5 8.
Qc2 bxc4 9. b3 d5 10. Ng3 h5 11. h4 cxb3 12. axb3 Bd6 13. Qc3 Qe7 14. Bb2 f5 15.
Qf3 Qf7 16. e3 f4 17. exf4 Bxf4 18. Ra4 Bd6 19. Be2 Qxf3 20. Bxf3 O-O 21. Nxh5
Ra7 22. O-O Rb7 23. Re1 Bf5 24. Ba3 Bxa3 25. Rxa3 Bc2 26. Bd1 Bxd1 27. Rxd1 g6
28. Ng3 Rf4 29. h5 gxh5 30. Nxh5 Rh4 31. Ng3 Rhb4 32. Re1 Rxb3 33. Rxb3 Rxb3 34.
Re7 Rb4 35. Nh5 Kf8 36. Ra7 c5 37. Nf6 d4 38. Rc7 c4 39. g4 c3 40. dxc3 dxc3 41.
g5 c2 42. Kg2 Rb6 43. Rxc2 Kf7 44. f4 a5 45. f5 Nc6 46. Nd7 Rb5 47. g6+ Kg7 48.
f6+ Kxg6 49. Rxc6 Rd5 50. Nf8+ Kf7 51. Nh7 Kg6 52. Rc7 Rf5 53. Kg3 a4 54. Kg4
Rf1 55. Rg7+ Kh6 56. Ra7 Kg6 57. Rg7+ Kh6 58. Ng5 Rxf6 59. Ra7 Kg6 60. Rxa4 Rb6
61. Ne4 Rc6 62. Kf4 Rb6 63. Ra1 Rb2 64. Ra6+ Kf7 65. Nd6+ Ke7 66. Ke5 Re2+ 67.
Ne4 Re1 68. Ra7+ Ke8 69. Rb7 Re2 70. Kd5 Re1 71. Nd6+ Kf8 72. Nf5 Ke8 73. Ra7
Rd1+ 74. Ke6 Re1+ 75. Kf6 Kd8 76. Ne7 Rf1+ 77. Ke6 Re1+ 78. Kd6 Rd1+ 79. Nd5 Ke8
80. Rb7 Kf8 81. Rb3 Re1 82. Rf3+ Kg7 83. Ne3 Ra1 84. Ke6 Ra6+ 85. Ke5 Ra5+ 86.
Nd5 Ra1 87. Nf6 Ra5+ 88. Ke6 Ra6+ 89. Ke7 Ra7+ 90. Nd7 Kg6 91. Rf1 Kg5 92. Ke6
Ra6+ 93. Kd5 Ra5+ 94. Nc5 Kg4 95. Kd4 Ra8 96. Ne6 Ra4+ 97. Ke5 Ra5+ 98. Ke4 Ra4+
99. Nd4 Kg5 100. Rc1 Kf6 101. Kd5 Ra5+ 102. Kd6 Ra6+ 103. Rc6 Rxc6+ 104. Nxc6 1/2-1/2

[Event "Fujairah Global Superstar"]
[Site "Fujairah City UAE"]
[Date "2025.08.28"]
[Round "5.8"]
[White "Salem, A.R. Saleh"]
[Black "Mishra, Abhimanyu"]
[Result "1/2-1/2"]
[WhiteTitle "GM"]
[BlackTitle "GM"]
[WhiteElo "2640"]
[BlackElo "2610"]
[WhiteFideId "9301348"]
[BlackFideId "30920019"]
[EventDate "2025.08.25"]

1. e4 e5 2. Nf3 Nc6 3. Bb5 a6 4. Ba4 Nf6 5. O-O b5 6. Bb3 Bc5 7. c3 d6 8. d4 Bb6
9. Be3 O-O 10. Nbd2 Re8 11. h3 exd4 12. cxd4 Na5 13. Bc2 Bb7 14. b3 Nxe4 15.
Nxe4 Bxe4 16. Bxe4 Rxe4 17. Ng5 Rxe3 18. Qh5 h6 19. Nxf7 Rxh3 20. Qd5 c6 21.
Nxh6+ Kh8 22. Nf7+ Kg8 23. Nh6+ Kh8 24. Nf7+ Kg8 25. Nh6+ 1/2-1/2

[Event "Fujairah Global Superstar"]
[Site "Fujairah City UAE"]
[Date "2025.08.28"]
[Round "5.9"]
[White "Pranesh, M"]
[Black "Nihal, Sarin"]
[Result "1/2-1/2"]
[WhiteTitle "GM"]
[BlackTitle "GM"]
[WhiteElo "2589"]
[BlackElo "2692"]
[WhiteFideId "35028600"]
[BlackFideId "25092340"]
[EventDate "2025.08.25"]

1. e4 e6 2. d4 d5 3. Nc3 dxe4 4. Nxe4 Bd7 5. Nf3 Bc6 6. Bd3 Nd7 7. O-O Ngf6 8.
Ng3 Be7 9. Re1 O-O 10. Bf4 Nd5 11. Bd2 Nb4 12. Be2 a5 13. a3 Nd5 14. c4 N5f6 15.
Qc2 Bxf3 16. Bxf3 c6 17. Bf4 Re8 18. Rad1 Bf8 19. Ne2 a4 20. Nc3 Qa5 21. g3 Qa6
22. Ne4 h6 23. h4 Nxe4 24. Bxe4 Nf6 25. Bf3 Rad8 26. Kg2 Bd6 27. Bxd6 Rxd6 28.
d5 cxd5 29. cxd5 e5 30. Qc3 Nd7 31. Bg4 f6 32. Be6+ Kh8 33. h5 Rd8 34. Bf5 Nb6
35. Bb1 Nd7 36. Qf3 Qb5 37. Rd2 Nf8 38. Rc1 Qd7 39. Bf5 Qf7 40. Rdc2 Qxd5 41.
Qxd5 Rxd5 42. Rc7 e4 43. g4 Re5 44. R1c3 b5 45. R7c5 Ne6 46. Rxe5 Nf4+ 47. Kh2
fxe5 48. Bxe4 Ne6 49. Rc6 Ng5 50. Bg6 Rb8 51. Rc7 Kg8 52. Rc5 Kf8 53. Kh1 Nf7
54. Kg2 Rb7 55. Rc8+ Ke7 56. Rg8 Kf6 57. Rf8 Ke6 58. Rxf7 Rxf7 59. Bxf7+ Kxf7
60. Kf3 Ke6 61. Ke4 Kf6 62. f4 exf4 63. Kxf4 g5+ 64. Ke4 1/2-1/2

[Event "Fujairah Global Superstar"]
[Site "Fujairah City UAE"]
[Date "2025.08.28"]
[Round "5.10"]
[White "Volokitin, Andrei"]
[Black "Pichot, Alan"]
[Result "1/2-1/2"]
[WhiteTitle "GM"]
[BlackTitle "GM"]
[WhiteElo "2628"]
[BlackElo "2581"]
[WhiteFideId "14107090"]
[BlackFideId "110973"]
[EventDate "2025.08.25"]

1. e4 e5 2. Nf3 Nc6 3. Bc4 Nf6 4. d3 Bc5 5. c3 d6 6. O-O a5 7. Re1 O-O 8. h3 h6
9. Nbd2 Be6 10. Bb5 Qb8 11. Bxc6 bxc6 12. Nf1 a4 13. Ng3 Qa7 14. d4 exd4 15.
Nxd4 Qb6 16. Kh2 Rfe8 17. Qd3 Bxd4 18. cxd4 c5 19. dxc5 Qxc5 20. Be3 Qc4 21.
Qxc4 Bxc4 22. Rec1 Bd3 23. Rxc7 Nxe4 24. Rd1 Nxg3 25. Kxg3 Bf5 26. Rxd6 Be6 27.
a3 Red8 28. Ra7 Bb3 29. Rxa8 Rxa8 30. Bd4 Re8 31. Ra6 Re6 32. Ra7 Rg6+ 33. Kh2
Re6 34. Bc3 Rg6 35. g4 Re6 36. Kg3 Rd6 37. Kh2 Rd3 38. Re7 h5 39. g5 Kh7 40. Re3 1/2-1/2

[Event "Fujairah Global Superstar"]
[Site "Fujairah City UAE"]
[Date "2025.08.28"]
[Round "5.11"]
[White "Daneshvar, Bardiya"]
[Black "Narayanan, S.L."]
[Result "1-0"]
[WhiteTitle "GM"]
[BlackTitle "GM"]
[WhiteElo "2625"]
[BlackElo "2595"]
[WhiteFideId "12576468"]
[BlackFideId "5058422"]
[EventDate "2025.08.25"]

1. e4 e5 2. Nf3 Nc6 3. Bc4 Bc5 4. c3 Nf6 5. d3 d6 6. O-O O-O 7. h3 a6 8. Nbd2
Be6 9. Bxe6 fxe6 10. Re1 Ba7 11. Nf1 Kh8 12. b4 Nh5 13. a4 Qf6 14. Ra2 Nf4 15.
b5 Nb8 16. Bxf4 Qxf4 17. N1h2 Nd7 18. Kh1 a5 19. g3 Qf7 20. Kg2 Bb6 21. Ng4 Nf6
22. Ne3 Bxe3 23. Rxe3 Rae8 24. Rc2 Re7 25. d4 exd4 26. cxd4 d5 27. Ne5 Qe8 28.
exd5 Nxd5 29. Rf3 Kg8 30. Rxf8+ Qxf8 31. Qe1 Qf5 32. Rd2 Nb4 33. Re2 b6 34. Qc3
Qf8 35. Nc6 Nxc6 36. Qxc6 Qf6 37. Re4 h6 38. Rf4 Qg6 39. d5 Kh7 40. d6 cxd6 41.
Qxb6 e5 42. Rf8 Qe4+ 43. Kh2 Qxa4 44. Qd8 Re6 45. b6 Qb3 46. Qc7 1-0

[Event "Fujairah Global Superstar"]
[Site "Fujairah City UAE"]
[Date "2025.08.28"]
[Round "5.12"]
[White "Donchenko, Alexander"]
[Black "Zemlyanskii, Ivan"]
[Result "1/2-1/2"]
[WhiteTitle "GM"]
[BlackTitle "GM"]
[WhiteElo "2616"]
[BlackElo "2586"]
[WhiteFideId "24603295"]
[BlackFideId "24249971"]
[EventDate "2025.08.25"]

1. d4 Nf6 2. c4 e6 3. Nf3 b6 4. a3 Bb7 5. Nc3 d5 6. cxd5 Nxd5 7. e3 Be7 8. Bb5+
c6 9. Bd3 O-O 10. e4 Nxc3 11. bxc3 c5 12. O-O Nd7 13. Bf4 Nf6 14. Qe2 Nh5 15.
Be5 Bd6 16. Bxd6 Qxd6 17. e5 Qe7 18. Qe3 cxd4 19. cxd4 Bxf3 20. Qxf3 g6 21. Be4
Rac8 22. Qe3 Ng7 23. Rad1 Rfd8 24. Rd3 Rc7 25. Rfd1 Rcd7 26. Qf4 Nh5 27. Qe3 Ng7
28. Qf4 Nh5 29. Qh6 Qh4 30. Qe3 Ng7 31. g3 Qe7 32. Qf4 Nh5 33. Qh6 Qf8 34. Qe3
Ng7 35. Qf4 Qe7 36. Kg2 Nh5 37. Qh6 Qf8 38. Qe3 Ng7 39. Qf4 Nh5 40. Qe3 Ng7 41.
R1d2 Qe7 42. Qf4 Nh5 43. Qh6 Qf8 44. Qe3 Ng7 45. Qg5 Qe7 46. Qe3 Rc7 47. Qf4 Rc4
48. Qe3 Rc7 49. Rd1 1/2-1/2

[Event "Fujairah Global Superstar"]
[Site "Fujairah City UAE"]
[Date "2025.08.28"]
[Round "5.13"]
[White "Muradli, Mahammad"]
[Black "Grebnev, Aleksey"]
[Result "1/2-1/2"]
[WhiteTitle "GM"]
[BlackTitle "GM"]
[WhiteElo "2586"]
[BlackElo "2595"]
[WhiteFideId "13409301"]
[BlackFideId "34189030"]
[EventDate "2025.08.25"]

1. d4 Nf6 2. c4 e6 3. Nf3 d5 4. Nc3 Bb4 5. Bg5 h6 6. Bxf6 Qxf6 7. Qa4+ Nc6 8. e3
O-O 9. Rc1 Rd8 10. Be2 dxc4 11. Qb5 Qe7 12. a3 Bd6 13. Qxc4 e5 14. d5 Nb8 15.
Ne4 c6 16. Nxd6 Qxd6 17. O-O Bf5 18. Qc3 cxd5 19. Qxe5 Qxe5 20. Nxe5 Nd7 21. Nf3
Nb6 22. Nd4 Bd7 23. Rc7 Rab8 24. Rfc1 Na8 25. R7c5 Nb6 26. Bf3 Rdc8 27. b3 Be6
28. h4 Rxc5 29. Rxc5 Rc8 30. Rb5 Rc7 31. Kh2 Kf8 32. a4 Rd7 33. a5 Nc8 34. Rc5
Ne7 35. Be2 b6 36. Rc1 bxa5 37. Bd3 Rb7 38. Ra1 Bd7 39. Rxa5 Nc6 40. Nxc6 Bxc6
41. Bc2 Bb5 42. Bf5 Bc6 43. Ra6 Be8 44. Bc2 Ke7 45. Bd3 Bd7 46. Be2 1/2-1/2

[Event "Fujairah Global Superstar"]
[Site "Fujairah City UAE"]
[Date "2025.08.28"]
[Round "5.14"]
[White "Motylev, Alexander"]
[Black "Bharath, Subramaniyam H"]
[Result "1/2-1/2"]
[WhiteTitle "GM"]
[BlackTitle "GM"]
[WhiteElo "2595"]
[BlackElo "2562"]
[WhiteFideId "4121830"]
[BlackFideId "46634827"]
[EventDate "2025.08.25"]

1. e4 e5 2. Nf3 Nc6 3. Bb5 a6 4. Ba4 Nf6 5. O-O Bc5 6. c3 O-O 7. d4 Ba7 8. Bxc6
dxc6 9. Nxe5 Nxe4 10. Re1 Nf6 11. Bg5 c5 12. Nd2 cxd4 13. Ne4 Bf5 14. Nxf6+ gxf6
15. Qf3 fxg5 16. Qxf5 f6 17. Ng4 Kh8 18. Re6 Qd7 19. Nxf6 Qg7 20. Rae1 Rad8 21.
h4 g4 22. Re8 Rdxe8 23. Rxe8 Rxe8 24. Nxe8 Qe7 25. Nxc7 d3 26. Qc8+ Kg7 27.
Qxg4+ Kh8 28. Qc8+ Kg7 29. Qg4+ Kh8 30. Qc8+ Kg7 31. Qg4+ 1/2-1/2

[Event "Fujairah Global Superstar"]
[Site "Fujairah City UAE"]
[Date "2025.08.28"]
[Round "5.15"]
[White "Lu, Shanglei"]
[Black "Mendonca, Leon Luke"]
[Result "1/2-1/2"]
[WhiteTitle "GM"]
[BlackTitle "GM"]
[WhiteElo "2647"]
[BlackElo "2606"]
[WhiteFideId "8603332"]
[BlackFideId "35028561"]
[EventDate "2025.08.25"]

1. e4 c5 2. Nf3 e6 3. d4 cxd4 4. Nxd4 Nf6 5. Nc3 Nc6 6. Nxc6 bxc6 7. e5 Nd5 8.
Ne4 Bb7 9. c4 Nb4 10. c5 Qb8 11. f4 Ba6 12. a3 Bxf1 13. Rxf1 Nd5 14. Rf3 Be7 15.
b3 f5 16. Nd6+ Bxd6 17. exd6 Qd8 18. Qc2 Qh4+ 19. Kf1 Rg8 20. Rh3 Qg4 21. Rg3
Qh5 22. Rh3 Qg4 23. Rg3 Qh5 24. Rh3 Qg4 25. Rg3 1/2-1/2

[Event "Fujairah Global Superstar"]
[Site "Fujairah City UAE"]
[Date "2025.08.28"]
[Round "5.16"]
[White "Puranik, Abhimanyu"]
[Black "Pranav, Anand"]
[Result "1/2-1/2"]
[WhiteTitle "GM"]
[BlackTitle "GM"]
[WhiteElo "2635"]
[BlackElo "2590"]
[WhiteFideId "5061245"]
[BlackFideId "46626786"]
[EventDate "2025.08.25"]

1. e4 e5 2. Nf3 Nc6 3. Bc4 Nf6 4. d3 Bc5 5. O-O d6 6. c3 a5 7. Re1 Ba7 8. Nbd2
O-O 9. Nf1 Be6 10. Bb5 Ne7 11. Be3 Ng6 12. Bxa7 Rxa7 13. d4 c6 14. Ba4 b5 15.
Bb3 Bxb3 16. axb3 Re8 17. Ng3 Rd7 18. Qc2 Qb6 19. Rad1 h6 20. h3 Qc7 21. Nf5 d5
22. exd5 Rxd5 23. c4 bxc4 24. bxc4 Rdd8 25. c5 exd4 26. Rxe8+ Rxe8 27. Nd6 Re7
28. Nxd4 Re5 29. Nf3 Re7 30. Qa4 Nd7 31. Qd4 Nf6 32. Ra1 Re2 33. Kf1 Re6 34. Qa4
Nd7 35. Nd4 Re5 36. Qxa5 Qxa5 37. Rxa5 Nxc5 38. Nxc6 Re6 39. Rxc5 Rxd6 40. g3
Rd2 41. b4 Rb2 42. b5 Nf8 43. Nd4 g6 44. Rd5 Nh7 45. f3 Kf8 46. Rc5 Nf6 47. Ke1
Nd7 48. Rc8+ Ke7 49. Rc3 Kd6 50. Nb3 Nb6 51. Kd1 Na4 52. Rd3+ Kc7 53. Nd4 Kb6
54. Ne2 Kxb5 55. Rd7 f5 56. Rd6 Kc4 57. Rd4+ Kb5 58. Rd6 Kc4 59. Rd4+ Kb5 60.
Ke1 Nc5 61. h4 Rb3 62. Rd6 Kc4 63. Rd4+ Kb5 64. Rd6 Kc4 65. Rd4+ 1/2-1/2

[Event "Fujairah Global Superstar"]
[Site "Fujairah City UAE"]
[Date "2025.08.28"]
[Round "5.17"]
[White "Kozak, Adam"]
[Black "Hakobyan, Aram"]
[Result "1/2-1/2"]
[WhiteTitle "GM"]
[BlackTitle "GM"]
[WhiteElo "2586"]
[BlackElo "2625"]
[WhiteFideId "753246"]
[BlackFideId "13306677"]
[EventDate "2025.08.25"]

1. d4 Nf6 2. c4 e6 3. Nc3 d5 4. cxd5 exd5 5. Bg5 Bb4 6. Qb3 c5 7. dxc5 Nc6 8. e3
Be6 9. Bb5 Bxc5 10. Bxc6+ bxc6 11. Qa4 O-O 12. Nge2 h6 13. Bh4 Bd7 14. O-O Rb8
15. Qc2 Bd6 16. Bg3 Bxg3 17. Nxg3 h5 18. h3 Re8 19. Rfd1 Re5 20. Qd2 Qe7 21. Nf1
Rg5 22. Kh1 Rg6 23. Nh2 Rb4 24. Rg1 c5 25. a3 Rb3 26. Nf3 Qe6 27. Qc2 Rb8 28. b4
d4 29. exd4 Bc6 30. Rae1 Qc8 31. Qd3 cxd4 32. Nxd4 Qd7 33. Re3 Rd8 34. Nxc6 Qxd3
35. Rxd3 Rxd3 36. Ne7+ Kh7 37. Nxg6 Rxc3 38. Ne5 Ne4 39. f3 Nf2+ 40. Kh2 f6 41.
Rf1 Nxh3 42. Kxh3 fxe5 1/2-1/2